000 00750nam a22002537a 4500
005 20170124110152.0
010 _aB-024078
020 _c00.00
035 _aB-024078
037 _bCen Lib/Ret
040 _aDPL
_bEN
082 _a670
_bFUN
245 _aFundamentals of manufacturing engineering /
_cby V. M. Kovan...[et al.].; edited by V. S. Korsakov
250 _a3rd rev ed.
260 _aMoscow
_bMir Publishers
_c1979
270 _bMoscow
300 _a422p. :
_c22cm(Hb)
_bill.
500 _aIncludes bibliographical references
650 _aMachine-shop practice
_931493
650 _aManufacture
_934217
700 _aKovan, V. M
_934218
700 _a Korsakov, V. S.
_934219
942 _2ddc
_cEN
_h670
_mFUN
999 _c132283
_d132283